Normal view
MARC view
Entry Nombre personal
001 - NÚMERO DE CONTROL
- campo de control: 235024
003 - IDENTIFICADOR DE NÚMERO DE CONTROL
- campo de control: SpMaBN
005 - FECHA Y HORA DE LA ÚLTIMA TRANSACCIÓN
- campo de control: 20240202132429.0
008 - ELEMENTOS DE DATO DE LONGITUD-FIJA
- campo de control de longitud fija: 930107nn ainnnaabn n aac d
016 ## - NÚMERO DE CONTROL DE UNA AGENCIA BIBLIOGRÁFICA NACIONAL
- Número de control del registro: BNE19931530649
040 ## - FUENTE DE CATALOGACIÓN
- Centro catalogador/agencia de origen: CEN
- Lengua de catalogación: spa
- Centro/agencia transcriptor: CEN
100 1# - ENCABEZAMIENTO-NOMBRE DE PERSONA
- Nombre de persona: Becker, Cristoph
